| 000 | 00603nam a2200217Ia 4500 | ||
|---|---|---|---|
| 003 | IIN | ||
| 005 | 20250604121239.0 | ||
| 008 | 231217s9999 xx 000 0 und d | ||
| 020 |
_cRs.1295.00 _a9789387964105 |
||
| 040 |
_aIIN _bEnglish |
||
| 082 |
_a610.7362 _bPAU |
||
| 100 | 1 | _aGhai, Om Prakash | |
| 245 | 1 |
_aGhai Essential Pediatric/ _cOm Prakash Ghai |
|
| 250 |
_a.-9th ed _bEd. By -Vinod K Paul & Arvind Bagga |
||
| 260 |
_bCBS _aNew Delhi _c2019 |
||
| 300 | _axvi,798p. | ||
| 650 | 1 |
_aPediatric _vNursing |
|
| 700 | 1 | _aEd. By Paul, Vinod K | |
| 700 | 1 | _aEd. By Bagga, Arvind | |
| 942 | _cBOOK | ||
| 999 |
_c1195 _d1195 |
||